LEADER 01327nam2 2200325 i 450 001 RAV0263666 005 20251003044328.0 010 $a8808088804 100 $a20150515d1995 ||||0itac50 ba 101 | $aita 102 $ait 181 1$6z01$ai $bxxxe 182 1$6z01$an 183 1$6z01$anc$2RDAcarrier 200 1 $aDell'adozione di persone maggiori di età$eart. 291-314$fAntonino Procida Mirabelli di Lauro 210 $aBologna$cZanichelli$aRoma$cSoc. ed. del Foro italiano$d1995 215 $aXXIX, 705 p.$d25 cm. 462 1$1001MIL0047162$12001 $aLibro primo$eDelle persone e della famiglia. 606 $aAdozione$xLegislazione$2FIR$3CFIC010914$9I 676 $a346.0178$9FILIAZIONE. ADOZIONE$v20 676 $a346.017802638$9$v21 676 $a346.450178$9DIRITTO PRIVATO. Adozione. Italia$v23 700 1$aProcida Mirabelli di Lauro$b, Antonino$3CFIV052056$4070$0437373 801 3$aIT$bIT-000000$c20150515 850 $aIT-BN0095 $aIT-NA0079 $aIT-NA0070 912 $aRAV0263666 950 2$aBiblioteca Centralizzata di Ateneo$c1 v.$d 01COM (C) 346.450178 COM SCI$e 01C 0080012995 VMA A4 1 v.$fB $h20250310$i20250310 977 $a 01$a BN$a BU 996 $aDell'adozione di persone maggiori di età$91205306 997 $aUNISANNIO